Capitales mondiales les plus proches de Zagreb - Statistiques

Statistiques générales
  • Ce quiz a été pris 96 fois
  • Le résultat moyen est 16 sur 20
Statistiques - réponses
km capitale % Correct
517 Rome
98%
300 Budapest
93%
269 Vienne
87%
368 Belgrade
86%
666 Berne
86%
117 Ljubljana
85%
348 Saint-Marin
83%
291 Sarajevo
83%
769 Berlin
82%
273 Bratislava
78%
802 Varsovie
78%
680 Sofia
77%
519 Vatican
76%
489 Prague
75%
588 Tirana
75%
542 Pristina
68%
610 Skopje
68%
459 Podgorica
67%
517 Vaduz
63%
714 Monaco
60%
Aucun quiz correspondant
Distribution des résultats
% des personnes avec chaque résultat
Percentile par nombre de réponses
Votre historique - résultats
Vous n’avez pas pris ce quiz